000 00980nam a22003137a 4500
001 BR2016001152
003 BR-BrBNA
005 20230928104826.0
007 ta
008 230509b bl.||||| |||| 00| 0 por d
040 _aBR-BrBNA
_bpor
_cBiblioteca Nacional de Agricultura
041 _a(Por)
072 _aF63
_b7110
_b0334
090 _ 7110 BR2016001152
100 1 _aWitter, S. (org.)
100 1 _aNunes-Silva, P. (org.)
100 1 _aBlochtein, B. (org.)
110 1 _aPontíficia Universidade Católica do Rio Grande do Sul, Porto Alegre, RS (Brasil)
_97845
245 1 _aAbelhas na polinização da canola: benefícios ambientais e econômicos
260 3 _aPorto Alegre, RS (Brasil):
_c2014.
300 _a72 p.
500 _aBibliography p. 61-66; Summary (Por); 36 illus.; 8 graphs.; 7 tables
650 _aCOLZA
650 _aCULTIVO ANUAL
650 _aABELHA
650 _aPOLINIZAÇÃO
909 _a202309
_bLucia
_c55
_dLucia Elande
942 _cBK
999 _c81943
_d81943